| 000 | 01666nam a22004217a 4500 | ||
|---|---|---|---|
| 003 | CHAP | ||
| 005 | 20220329143934.0 | ||
| 008 | 121002s2012 mx r 00010 spa d | ||
| 010 | _a103990 | ||
| 011 | _a104962 | ||
| 035 | _a115652 | ||
| 040 | _cCHAP | ||
| 090 | _aTesis | ||
| 100 | 1 |
_aZárate Cruz, Rubén David. _9124098 |
|
| 245 | 1 | 0 |
_aPropuesta metodológica para análisis de costos en abastecimiento forestal _h[En línea] _c/por Rubén David Zárate Cruz |
| 260 |
_aChapingo, Méx. : _bEl autor, _c2012 |
||
| 500 | _aPara ver el contenido del material haga clic en la liga | ||
| 502 | _aTesis (Ing. Forestal Industrial) -- UACH. División de Ciencias Forestales | ||
| 590 |
_aALEPH _b10 _c20130110 _lUCH01 _h1547 |
||
| 590 |
_aBATCH-UPD _b10 _c20130110 _lUCH01 _h0400 |
||
| 590 |
_aBATCH-UPD _b10 _c20130110 _lUCH01 _h0421 |
||
| 590 |
_aBATCH-UPD _b10 _c20130110 _lUCH01 _h0427 |
||
| 590 |
_aBATCH-UPD _b10 _c20130409 _lUCH01 _h2221 |
||
| 590 |
_aBATCH-UPD _b10 _c20130409 _lUCH01 _h2331 |
||
| 590 |
_aBATCH-UPD _b10 _c20130409 _lUCH01 _h2338 |
||
| 590 |
_aBATCH-UPD _b10 _c20130914 _lUCH01 _h0015 |
||
| 590 |
_aBATCH-UPD _b10 _c20140324 _lUCH01 _h1534 |
||
| 590 |
_aBATCH-UPD _b10 _c20141002 _lUCH01 _h0855 |
||
| 590 |
_aCONVERSION _b10 _c20130109 _lUCH01 _h1357 |
||
| 650 | 1 | 4 |
_aHojas de cálculo. _955865 |
| 650 | 1 | 4 |
_aIndustrias forestales _xModelos matemáticos. _957990 |
| 650 | 1 | 4 |
_aRecursos forestales. _995025 |
| 856 |
_3Finding aid _uhttp://10.13.5.2/tesis/115652.pdf _zTeclea aqui |
||
| 901 | _aBK | ||
| 942 | _cFOLL | ||
| 949 |
_aTesis _bBC _cTES _d33724002349074 _eTS1 _h54069 _i115652 _st |
||
| 949 |
_aTesis _bBC _cTES _d33724002349116 _eTS2 _fc.2 _h54070 _i115652 _st |
||
| 999 |
_c103990 _d103990 |
||